[Event "South America-ch U20"]
[Site "Guayaquil"]
[Date "2021.11.06"]
[Round "8"]
[White "Marin Gomez, Daniel Alejandro"]
[Black "Quinde Rizzo, Hugo Josue"]
[Result "0-1"]
[WhiteElo "1578"]
[BlackElo "1515"]
[PlyCount "64"]
[EventDate "2021.11.02"]
[EventType "swiss"]
[EventRounds "9"]
[EventCountry "ECU"]
[SourceTitle "CBM 205 Extra"]
[Source "ChessBase"]
[SourceDate "2022.01.31"]
[SourceVersion "1"]
[SourceVersionDate "2022.01.31"]
[SourceQuality "1"]

1. Nf3 Nf6 2. c4 c6 3. g3 d5 4. b3 Bf5 5. Bg2 h6 6. 0-0 e6 7. Bb2 Bd6 8. d3 Nbd7 9. Nbd2 0-0 10. Rc1 Re8 11. Rc2 e5 12. cxd5 cxd5 13. Qa1 Qe7 14. Rfc1 Rad8 15. Nf1 b5 16. a3 Nb6 17. N3d2 d4 18. Bc6 Bd7 19. e4 h5 20. Nf3 Nh7 21. a4 b4 22. a5 Na8 23. N1d2 Qf6 24. Bxd7 Rxd7 25. Qa4 Rdd8 26. Kg2 g5 27. Rc6 h4 28. Nc4 h3+ 29. Kf1 Qxf3 30. Nxd6 Qxd3+ 31. Kg1 Qf3 32. Kf1 d3 0-1

[Event "South America-ch U20"]
[Site "Guayaquil"]
[Date "2021.11.04"]
[Round "4"]
[White "Marin Gomez, Daniel Alejandro"]
[Black "Tobar Beltran, Jorge Esteban"]
[Result "0-1"]
[WhiteElo "1578"]
[BlackElo "2046"]
[PlyCount "62"]
[EventDate "2021.11.02"]
[EventType "swiss"]
[EventRounds "9"]
[EventCountry "ECU"]
[SourceTitle "CBM 205 Extra"]
[Source "ChessBase"]
[SourceDate "2022.01.31"]
[SourceVersion "1"]
[SourceVersionDate "2022.01.31"]
[SourceQuality "1"]

1. Nf3 f5 2. d3 d6 3. e4 g6 4. e5 Nc6 5. d4 dxe5 6. dxe5 Qxd1+ 7. Kxd1 Nh6 8. Bf4 Be6 9. Nbd2 0-0-0 10. h3 Nf7 11. Bd3 Bg7 12. Re1 a6 13. Bf1 Rd7 14. Kc1 Rhd8 15. Bc4 Bxc4 16. Nxc4 Rd4 17. Nxd4 Rxd4 18. Be3 Rxc4 19. f4 Nb4 20. Re2 Nd3+ 21. Kd2 Nxf4 22. Bxf4 Rxf4 23. e6 Nd6 24. c3 Rc4 25. Rd1 Ne4+ 26. Kc2 Rc6 27. g4 Rxe6 28. gxf5 gxf5 29. Rg2 Rg6 30. Rdg1 Rxg2+ 31. Rxg2 Bf6 0-1

[Event "Pan American-ch U14"]
[Site "Guayaquil"]
[Date "2019.07.25"]
[Round "7"]
[White "Marin Gomez, Daniel Alejandro"]
[Black "Modi, Ethan"]
[Result "1-0"]
[WhiteElo "1440"]
[BlackElo "1787"]
[PlyCount "53"]
[EventDate "2019.07.21"]
[EventType "swiss"]
[EventRounds "9"]
[EventCountry "ECU"]
[SourceTitle "EXT 2020"]
[Source "ChessBase"]
[SourceDate "2019.10.17"]
[SourceVersion "1"]
[SourceVersionDate "2019.10.17"]
[SourceQuality "1"]

1. d4 d5 2. Bf4 Nf6 3. e3 e6 4. Nd2 c5 5. c3 Nc6 6. Ngf3 Bd6 7. Bg3 0-0 8. Bd3 b6 9. Ne5 Bb7 10. f4 Ne7 11. 0-0 Rc8 12. Qf3 Nf5 13. Be1 Be7 14. Kh1 Nd6 15. Qh3 Nfe4 16. Nxe4 Nxe4 17. g4 f6 18. Nf3 Qd6 19. Bg3 Qc6 20. a4 a6 21. Bh4 h6 22. g5 hxg5 23. fxg5 f5 24. Bxe4 dxe4 25. Ne5 Qc7 26. g6 Rf6 27. Bg3 1-0

[Event "ECU-ch U16"]
[Site "Guayaquil"]
[Date "2019.04.21"]
[Round "9"]
[White "Marin Gomez, Daniel Alejandro"]
[Black "Reyes Corral, Jesus"]
[Result "1-0"]
[WhiteElo "1493"]
[BlackElo "1370"]
[PlyCount "61"]
[EventDate "2019.04.17"]
[EventType "swiss"]
[EventRounds "9"]
[EventCountry "ECU"]
[SourceTitle "CBM 190 Extra"]
[Source "ChessBase"]
[SourceDate "2019.07.15"]
[SourceVersion "1"]
[SourceVersionDate "2019.07.15"]
[SourceQuality "1"]

1. d4 Nf6 2. Bf4 g6 3. e3 Bg7 4. Nf3 0-0 5. Be2 d6 6. h3 Nc6 7. 0-0 Nd7 8. c4 e5 9. Bh2 f5 10. Nc3 e4 11. Nd2 Nf6 12. Rb1 a5 13. a3 Bd7 14. b4 axb4 15. axb4 Qe8 16. c5 Qe7 17. Nb5 dxc5 18. bxc5 Nd5 19. Bc4 Be6 20. Bxd5 Bxd5 21. Nxc7 Rad8 22. Nxd5 Rxd5 23. Bd6 Rxd6 24. cxd6 Qxd6 25. Qb3+ Kh8 26. Nc4 Qf6 27. Qxb7 Nd8 28. Qd5 Qg5 29. Nd2 Nf7 30. Rb7 Nh6 31. Nxe4 1-0

[Event "ECU-ch U16"]
[Site "Guayaquil"]
[Date "2019.04.18"]
[Round "4"]
[White "Chuquitarco Martinez, Jardiel Gustavo"]
[Black "Marin Gomez, Daniel Alejandro"]
[Result "0-1"]
[WhiteElo "1327"]
[BlackElo "1493"]
[PlyCount "68"]
[EventDate "2019.04.17"]
[EventType "swiss"]
[EventRounds "9"]
[EventCountry "ECU"]
[SourceTitle "CBM 190 Extra"]
[Source "ChessBase"]
[SourceDate "2019.07.15"]
[SourceVersion "1"]
[SourceVersionDate "2019.07.15"]
[SourceQuality "1"]

1. d4 Nf6 2. Bf4 c5 3. e3 g6 4. c3 Bg7 5. Be2 0-0 6. Nd2 d6 7. Ngf3 Nbd7 8. h3 Rb8 9. 0-0 b5 10. Re1 Bb7 11. Qc2 a6 12. Rac1 Qb6 13. Qb1 Rfc8 14. Bh2 Bc6 15. Bf1 Re8 16. e4 e5 17. d5 Ba8 18. c4 Rf8 19. b3 Ne8 20. Qc2 Qd8 21. h4 Nc7 22. Nb1 f5 23. Nc3 b4 24. Nd1 fxe4 25. Rxe4 Nf6 26. Re1 Qd7 27. Bd3 Rbe8 28. Be4 Re7 29. Nd2 Bh6 30. Rb1 Ref7 31. f3 Nce8 32. Bg3 Nh5 33. Bh2 Qe7 34. g3 Kh8 0-1